Organization and structure of FAO, including titles of staff = (Record no. 12656)

000 -LEADER
fixed length control field 00851cam a2200205 a 4500
020 ## - INTERNATIONAL STANDARD BOOK NUMBER
ISBN 9250041373 (pbk.)
040 ## - CATALOGING SOURCE
Transcribing agency DLC
082 00 - DEWEY DECIMAL CLASSIFICATION NUMBER
Classification number 630 FOO 1998 A043 Or.
-- 341.7/592
110 2# - MAIN ENTRY--CORPORATE NAME
Corporate name or jurisdiction name as entry element Food and Agriculture Organization of the United Nations.
245 10 - TITLE STATEMENT
Title Organization and structure of FAO, including titles of staff =
Remainder of title Organisation et structure de la FAO, et titres des fonctionnaires
246 31 - VARYING FORM OF TITLE
Title proper/short title Organisation et structure de la FAO, et titres des fonctionnaires
260 ## - PUBLICATION, DISTRIBUTION, ETC. (IMPRINT)
Place of publication Roma :
Name of publisher Food and Agriculture Organization of the United Nations,
Year of publication 1998.
300 ## - PHYSICAL DESCRIPTION
Number of Pages vii, 281 p. ;
Dimensions 21 cm.
490 1# - SERIES STATEMENT
Series statement Terminology bulletin =
-- Bulletin de terminologie =
-- Boletín de terminología,
500 ## - GENERAL NOTE
General note "Supersedes no. 15, rev. 6 of 1991"--P. iii.
500 ## - GENERAL NOTE
General note Includes indexes.
650 #0 - SUBJECT ADDED ENTRY--TOPICAL TERM
Topical Term Agriculture
650 #7 - SUBJECT ADDED ENTRY--TOPICAL TERM
Topical Term Agriculture
942 ## - ADDED ENTRY ELEMENTS (KOHA)
Koha item type សៀវភៅភាសាអង់គ្លេស
952 ## - LOCATION AND ITEM INFORMATION (KOHA)
Withdrawn status [LOCAL, KOHA] 0
Holdings
Permanent Location Date acquired Koha item type Lost status Shelving location Barcode Current Location Full call number
Library Block A2017-08-16សៀវភៅភាសាអង់គ្លេស A043A16284Library Block A630 FOO 1998 A043 Or.
មជ្ឈមណ្ឌលឯការនៃសាកលវិទ្យាល័យភូមិន្ទកសិកម្មចំការដូង

Powered by Koha